| 000 | 00649nam a2200265Ia 4500 | ||
|---|---|---|---|
| 008 | 171120s9999 xx 000 0 und d | ||
| 020 | _a9710867881 | ||
| 050 | _a320 | ||
| 050 | _bN362 2007 | ||
| 100 | _aNebres, Abriel M. | ||
| 245 | _aPolitical Science : | ||
| 245 | _bmade simple / | ||
| 245 | _cby Abriel M. Nebres. | ||
| 260 | _aPhilippines : | ||
| 260 | _bNational Book Store, | ||
| 260 | _c2007 | ||
| 300 | _a251 pages : | ||
| 300 | _billustrations ; | ||
| 300 | _c22cm. | ||
| 650 | _aPolitical science -- | ||
| 650 | _aPolitical science -- | ||
| 650 | _xStudy and teaching. | ||
| 650 | _xTextbook. | ||
| 700 | _aTitle. | ||
| 999 |
_c345376 _d345376 |
||